000 01179cam a2200337 i 4500
001 7733
003 Mx-PuUPA
005 20260214094047.0
008 140415s2021 sp gr 000 0 spa d
017 _aNA 690-2021
020 _a9788431336158
040 _aMx-PuUPA
_bspa
_cMx-PuUPA
_dMx-PuUPA
_erda
041 0 _aspa
100 1 _aCortina, Albert,
_d1961-
_eautor
_917828
245 1 1 _a¡Despertad! :
_btrashumanismo y nuevo orden mundial /
_cAlbert Cortina
264 1 _aPamplona, España :
_bEdiciones Universidad de Navarra,
_c©2021
300 _a393 páginas ;
_c22 cm
336 _2rdacontent
_atexto
_btxt
337 _2rdamedia
_asin medio
_bn
338 _2rdacarrier
_avolumen
_bnc
490 0 _aCiencias sociales
650 7 _2armarc
_aAntropología filosófica
650 7 _2armarc
_aHumanismo (Filosofía)
650 7 _2armarc
_aPolítica
_xFilosofía
650 7 _2armarc
_aTranshumanismo
_xAspectos religiosos
_xIglesia católica
650 7 _2armarc
_aVida espiritual
942 _2ddc
_cLI
_h128.3
_iC74
999 _c7733
_d7733